Vital signs : (Record no. 5770)
[ view plain ]
| 000 -LEADER | |
|---|---|
| fixed length control field | 01345cam a2200373Ii 4500 |
| 001 - CONTROL NUMBER | |
| control field | 573332 |
| 003 - CONTROL NUMBER IDENTIFIER | |
| control field | OSt |
| 005 - DATE AND TIME OF LATEST TRANSACTION | |
| control field | 20190109182823.0 |
| 008 - FIXED-LENGTH DATA ELEMENTS--GENERAL INFORMATION | |
| fixed length control field | 030930t20022002miu b 001 0 eng |
| 020 ## - INTERNATIONAL STANDARD BOOK NUMBER | |
| International Standard Book Number | 0972419608 |
| 035 ## - SYSTEM CONTROL NUMBER | |
| System control number | (OCoLC)ocm53116909 |
| 035 ## - SYSTEM CONTROL NUMBER | |
| System control number | 573332 |
| 040 ## - CATALOGING SOURCE | |
| Original cataloging agency | CVN |
| Language of cataloging | eng |
| Description conventions | rda |
| Transcribing agency | CVN |
| 049 ## - LOCAL HOLDINGS (OCLC) | |
| Holding library | PTSS |
| 082 ## - DEWEY DECIMAL CLASSIFICATION NUMBER | |
| Classification number | 280.4 |
| Item number | C652V |
| 090 ## - LOCALLY ASSIGNED LC-TYPE CALL NUMBER (OCLC); LOCAL CALL NUMBER (RLIN) | |
| Classification number (OCLC) (R) ; Classification number, CALL (RLIN) (NR) | BR526 |
| Local cutter number (OCLC) ; Book number/undivided call number, CALL (RLIN) | .C62 2002 |
| 100 1# - MAIN ENTRY--PERSONAL NAME | |
| Personal name | Coalter, Milton J. |
| 245 10 - TITLE STATEMENT | |
| Title | Vital signs : |
| Remainder of title | the promise of mainstream Protestantism / |
| Statement of responsibility, etc. | Milton J. Coalter, John M. Mulder, and Louis B. Weeks. |
| 264 #1 - PRODUCTION, PUBLICATION, DISTRIBUTION, MANUFACTURE, AND COPYRIGHT NOTICE | |
| Place of production, publication, distribution, manufacture | Grand Haven, Mich. : |
| Name of producer, publisher, distributor, manufacturer | FaithWalk Publishing, |
| Date of production, publication, distribution, manufacture, or copyright notice | [2002] |
| 264 #4 - PRODUCTION, PUBLICATION, DISTRIBUTION, MANUFACTURE, AND COPYRIGHT NOTICE | |
| Date of production, publication, distribution, manufacture, or copyright notice | �2002 |
| 300 ## - PHYSICAL DESCRIPTION | |
| Extent | xxvi, 166 pages ; |
| Dimensions | 23 cm |
| 336 ## - CONTENT TYPE | |
| Content type term | text |
| Content type code | txt |
| Source | rdacontent |
| 337 ## - MEDIA TYPE | |
| Media type term | unmediated |
| Media type code | n |
| Source | rdamedia |
| 338 ## - CARRIER TYPE | |
| Carrier type term | volume |
| Carrier type code | nc |
| Source | rdacarrier |
| 500 ## - GENERAL NOTE | |
| General note | Originally published in 1996; the statistical information was updated to reflect the 2000 census--cf. p. xv. |
| 504 ## - BIBLIOGRAPHY, ETC. NOTE | |
| Bibliography, etc. note | Includes bibliographical references (pages 133-157) and index. |
| 650 #0 - SUBJECT ADDED ENTRY--TOPICAL TERM | |
| Topical term or geographic name entry element | Liberalism (Religion) |
| General subdivision | Protestant churches |
| -- | History |
| Chronological subdivision | 20th century. |
| 650 #0 - SUBJECT ADDED ENTRY--TOPICAL TERM | |
| Topical term or geographic name entry element | Liberalism (Religion) |
| Geographic subdivision | United States |
| General subdivision | History |
| Chronological subdivision | 20th century. |
| 651 #0 - SUBJECT ADDED ENTRY--GEOGRAPHIC NAME | |
| Geographic name | United States |
| General subdivision | Church history |
| Chronological subdivision | 20th century. |
| 700 1# - ADDED ENTRY--PERSONAL NAME | |
| Personal name | Mulder, John M., |
| Dates associated with a name | 1946- |
| 700 1# - ADDED ENTRY--PERSONAL NAME | |
| Personal name | Weeks, Louis, |
| Dates associated with a name | 1941- |
| 942 ## - ADDED ENTRY ELEMENTS (KOHA) | |
| Source of classification or shelving scheme | Dewey Decimal Classification |
| Koha item type | Books |
| 945 ## - LOCAL PROCESSING INFORMATION (OCLC) | |
| a | MARCIVE20181205 |
| Withdrawn status | Lost status | Source of classification or shelving scheme | Damaged status | Not for loan | Collection code | Home library | Current library | Shelving location | Date acquired | Cost, normal purchase price | Total Checkouts | Full call number | Barcode | Date last seen | Price effective from | Koha item type |
|---|---|---|---|---|---|---|---|---|---|---|---|---|---|---|---|---|
| Dewey Decimal Classification | Non-fiction | Harvest Mission College | Harvest Mission College | General Stacks | 09.01.2019 | 850.00 | 280.4 C652V | 006664 | 09.01.2019 | 09.01.2019 | Books |
